Cups Lyrics (Pitch Perfect - Statistics

General Stats
  • This quiz has been taken 52 times
  • The average score is 8 of 38
Answer Stats
Answer % Correct
I got my ticket for the long way 'round
95%
And I sure would like some sweet company
58%
When I'm gone
50%
When I'm gone
50%
You're gonna miss me when I'm gone
45%
Two bottle of whiskey for the way
42%
You're gonna miss me by my hair
42%
You're gonna miss me when I'm gone
37%
And I'm leaving tomorrow, what do you say?
34%
You're gonna miss me everywhere, oh
32%
When I'm gone
29%
When I'm gone
29%
You're gonna miss me by my walk
26%
You're gonna miss me when I'm gone
26%
The one with the prettiest of views
18%
You're gonna miss me when I'm gone
16%
I got my ticket for the long way 'round
13%
It's got mountains, it's got rivers, it's got sights to give you shivers
13%
But it sure would be prettier with you
8%
When I'm gone
8%
When I'm gone
8%
When I'm gone
8%
When I'm gone
8%
When I'm gone
8%
When I'm gone
8%
You're gonna miss me by my hair
8%
You're gonna miss me by my walk
8%
You're gonna miss me when I'm gone
8%
You're gonna miss me when I'm gone
8%
You're gonna miss me by my everywhere, oh
5%
You're gonna miss me by my walk
5%
You're gonna miss me talk, oh
5%
You're gonna miss me talk, oh
5%
You're gonna miss me talk, oh
5%
You're gonna miss me when I'm gone
5%
You're gonna miss me when I'm gone
5%
You're gonna miss me when I'm gone
5%
You're gonna miss me when I'm gone
3%
No matching quizzes found
Score Distribution
Percent of People with Each Score
Percentile by Number Answered
Your Score History
You have not taken this quiz